000 00705nam a22002297a 4500
999 _c42914
_d42914
001 13990
003 CO-MdFUSB
005 20180306085600.0
008 180306t19781980ec ||||| |||| 00| 0 spa d
020 _a0-8474-4369-8
040 _aCO-MdFUSB
_bspa
_cCO-MdFUSB
_dCO-MdFUSBC
_erda
041 0 _aspa
_heng
082 0 4 _aG\227.1 E643r
100 1 _aEpp, Theodore H. (1907-)
_eautor
245 0 _aRomanos
_c / Theodore Epp
264 4 _aQuito:
_b La Biblia Dice,
_c©1978,1980
336 _2rdacontent
_atexto
_btxt
337 _2rdamedia
_asin mediación
_bn
338 _2rdacarrier
_avolumen
_bnc
505 0 0 _aVol. 1 : Salvos por la feVol. 2 : Viviendo por la feVol. 3 : Venciendo por la fe
942 _cBK